| 000 | 00900nam a2200217Ia 4500 | ||
|---|---|---|---|
| 001 | 18008 | ||
| 003 | GE_BSU | ||
| 008 | 181216s||||||||xx |||||||||||||| ||und|| | ||
| 040 | _cGE_BSU | ||
| 080 | _a811.353.1'38 | ||
| 100 | _aთაყაიშვილი, ა. | ||
| 245 | _aქართული ფრაზეოლოგიის საკითხები | ||
| 245 | _cრედ. ვ. თოფურია. | ||
| 260 | _aთბილისი | ||
| 260 | _bსაქ. სსრ მეცნ. აკად. გამ-ბა და სტ | ||
| 260 | _c1961 | ||
| 300 | _a154გვ. ; 22სმ. | ||
| 300 | _eდამატ. თავფურც. რუს. ენ. და რეზ. რუს. ენ.. - ბიბლიოგრ. შენიშვნებში. | ||
| 653 | _aქართული ფრაზეოლოგიის საკითხები | ||
| 942 | _cBK | ||
| 999 |
_c51051 _d51051 |
||